| 000 | nam a22 7a 4500 | ||
|---|---|---|---|
| 999 |
_c52603 _d52603 |
||
| 003 | OSt | ||
| 005 | 20220625124222.0 | ||
| 008 | 220625b xxu||||| |||| 00| 0 eng d | ||
| 040 | _cIIMT UNIVERSITY | ||
| 100 | _aGOEL, B.S. | ||
| 245 | _aPRODUCTION OPERATIONS MANAGEMENT | ||
| 260 |
_aMEERUT _bPRAGATI PRAKASHAN _c2009 |
||
| 300 | _a576 | ||
| 942 |
_2ddc _c02 |
||